Manual of histology, general anatomy, embryology & genetics / (Record no. 4957)

MARC details
000 -LEADER
fixed length control field 00598 a2200181 4500
010 ## - LCCN (DPL NO)
LC control number ENG-86675
020 ## - INTERNATIONAL STANDARD BOOK NUMBER
Terms of availability 135.00
International Standard Book Number 8189781170
035 ## - SYSTEM CONTROL NUMBER
System control number EN-70208
037 ## - SOURCE OF ACQUISITION
Source of stock number/acquisition DBAD / PUB
082 14 - DEWEY DECIMAL CLASSIFICATION NUMBER
Classification number 611.018
100 1# - MAIN ENTRY--PERSONAL NAME
Personal name Bani Marjit
245 1# - TITLE STATEMENT
Title Manual of histology, general anatomy, embryology & genetics /
Statement of responsibility, etc by Bani Marjit
260 ## - PUBLICATION, DISTRIBUTION, ETC. (IMPRINT)
Place of publication, distribution, etc Kolkata
Name of publisher, distributor, etc Academic Publishers
Date of publication, distribution, etc 2006
270 ## - ADDRESS
Address 5A, Bhawani Dutta Lane
City Kolkata
Postal code 700 073
Electronic mail address acabooks@cal.vsnl.net.in
300 ## - PHYSICAL DESCRIPTION
Extent various paging
Dimensions 24 cm (Pbk)
Other physical details color atlas
500 ## - GENERAL NOTE
General note Includes index
942 ## - ADDED ENTRY ELEMENTS (KOHA)
Institution code [OBSOLETE] dpl
Item type English Books
Source of classification or shelving scheme Dewey Decimal Classification
Classification part 611.018
Call number suffix BAN
Holdings
Withdrawn status Lost status Not for loan Collection code Home library Current library Source of acquisition Cost, normal purchase price Full call number Barcode Copy number Cost, replacement price Koha item type
    Not For Loan Non-fiction D.B.Act.Division D.B.Act.Division DBAD/PUB 135.00 611.018 BAN EN-70208 1 135.00 English Books

© Delhi Public Library
Hit Counter
free hit counter